[Event "Metz op 30th"]
[Site "Metz"]
[Date "2012.04.23"]
[Round "2"]
[White "Donchenko, Anatoly G"]
[Black "Grosdemange, David"]
[Result "1-0"]
[WhiteElo "2376"]
[BlackElo "2065"]
[PlyCount "151"]
[EventDate "2012.04.14"]
[EventType "swiss"]
[EventRounds "9"]
[EventCountry "FRA"]
[SourceTitle "EXT 2013"]
[Source "ChessBase"]
[SourceDate "2012.11.22"]
[SourceVersion "1"]
[SourceVersionDate "2012.11.22"]
[SourceQuality "1"]

1. d4 Nf6 2. Nf3 c5 3. c4 cxd4 4. Nxd4 e6 5. Nc3 d5 6. cxd5 Nxd5 7. Bd2 Be7 8. e4 Nb4 9. Be3 0-0 10. a3 N4c6 11. Ndb5 a6 12. Qxd8 Bxd8 13. Nd6 Be7 14. 0-0-0 Rd8 15. Nc4 Rxd1+ 16. Kxd1 Nd7 17. Nb6 Nxb6 18. Bxb6 Bd7 19. Be2 Bf6 20. f4 Bd4 21. Bxd4 Nxd4 22. Bd3 Bc6 23. Kd2 Rd8 24. Ke3 Kf8 25. b4 Ke7 26. Rc1 h6 27. g3 g5 28. a4 f6 29. b5 axb5 30. axb5 Nb3 31. Rc2 Nc5 32. Nd5+ exd5 33. Rxc5 Kd6 34. Rc1 Bd7 35. exd5 Kxd5 36. Be4+ Kd6 37. b6 f5 38. Bxb7 Rb8 39. Rc7 Re8+ 40. Kd2 gxf4 41. gxf4 Rg8 42. Ke3 Rg1 43. Bc8 Bxc8 44. Rxc8 Rb1 45. Rh8 Kd5 46. Rxh6 Rb3+ 47. Kd2 Ke4 48. Kc2 Rb5 49. Kc3 Kxf4 50. Kc4 Rb1 51. Kc5 Ke3 52. Re6+ Kf3 53. Kc6 f4 54. b7 Kg2 55. Re2+ Kg1 56. Re1+ Rxe1 57. b8Q Rf1 58. h4 f3 59. Qg3+ Kh1 60. Kd5 f2 61. Qf3+ Kg1 62. h5 Re1 63. Qg3+ Kf1 64. h6 Re8 65. Qd3+ Ke1 66. Qc3+ Kf1 67. h7 Ke2 68. Qc4+ Ke3 69. Kd6 Ra8 70. Ke6 Re8+ 71. Kf7 Ra8 72. Kg7 Ra7+ 73. Kg6 Ra8 74. Qb5 Kf4 75. Qg5+ Ke4 76. Qg2+ 1-0

[Event "FICGS class C 000177 email"]
[Site "FICGS email"]
[Date "2011.06.04"]
[Round "1"]
[White "Dyson, John"]
[Black "Grosdemange, David"]
[Result "1-0"]
[WhiteElo "1762"]
[BlackElo "1663"]
[PlyCount "25"]
[EventDate "2011.??.??"]
[EventType "tourn (corr)"]
[EventRounds "6"]
[SourceTitle "Corr 2013"]
[Source "ChessBase"]
[SourceDate "2012.11.12"]
[SourceVersion "1"]
[SourceVersionDate "2012.11.12"]
[SourceQuality "1"]

1. c4 e5 2. g3 Nf6 3. Bg2 d5 4. cxd5 Nxd5 5. Nc3 Nb6 6. Nf3 Nc6 7. 0-0 Be7 8. a3 0-0 9. b4 Be6 10. Rb1 f6 11. d3 Nd4 12. Nd2 c6 13. Nde4 1-0

[Event "FICGS class C 000176 email"]
[Site "FICGS email"]
[Date "2011.05.19"]
[Round "1"]
[White "Grosdemange, David"]
[Black "Moreno, Ciro Angel"]
[Result "0-1"]
[WhiteElo "1663"]
[BlackElo "1623"]
[PlyCount "40"]
[EventDate "2011.??.??"]
[EventType "tourn (corr)"]
[EventRounds "4"]
[SourceTitle "Corr 2013"]
[Source "ChessBase"]
[SourceDate "2012.11.12"]
[SourceVersion "1"]
[SourceVersionDate "2012.11.12"]
[SourceQuality "1"]

1. d4 d5 2. Nf3 Nf6 3. c4 c6 4. Nc3 dxc4 5. a4 Bf5 6. e3 e6 7. Bxc4 Nbd7 8. 0-0 Bd6 9. Qe2 e5 10. Nh4 Bg6 11. f4 Bh5 12. Qe1 exd4 13. exd4+ Kf8 14. Nf5 Bb4 15. Ng3 Nb6 16. Ba2 Qxd4+ 17. Be3 Qd3 18. Nxh5 Nxh5 19. Rd1 Qf5 20. a5 Qxa5 0-1

[Event "FICGS class C 000176 email"]
[Site "FICGS email"]
[Date "2011.05.19"]
[Round "1"]
[White "Von Buttlar, Paul"]
[Black "Grosdemange, David"]
[Result "1-0"]
[WhiteElo "1749"]
[BlackElo "1663"]
[PlyCount "45"]
[EventDate "2011.??.??"]
[EventType "tourn (corr)"]
[EventRounds "4"]
[SourceTitle "Corr 2013"]
[Source "ChessBase"]
[SourceDate "2012.11.12"]
[SourceVersion "1"]
[SourceVersionDate "2012.11.12"]
[SourceQuality "1"]

1. c4 e5 2. Nc3 Nf6 3. Nf3 e4 4. Ng5 b5 5. Nxb5 h6 6. Nh3 c6 7. Nc3 d5 8. cxd5 cxd5 9. e3 g5 10. d4 Bd6 11. f3 exf3 12. gxf3 0-0 13. Nf2 Kg7 14. Bd3 Nc6 15. a3 Rb8 16. h4 Rh8 17. b4 Bg3 18. hxg5 hxg5 19. Ke2 Qe7 20. Rxh8 Kxh8 21. Qh1+ Bh4 22. Kd1 Kg7 23. Qh2 1-0

[Event "FICGS class C 000176 email"]
[Site "FICGS email"]
[Date "2011.05.19"]
[Round "1"]
[White "Ward, David J"]
[Black "Grosdemange, David"]
[Result "1-0"]
[WhiteElo "1738"]
[BlackElo "1663"]
[PlyCount "21"]
[EventDate "2011.??.??"]
[EventType "tourn (corr)"]
[EventRounds "4"]
[SourceTitle "Corr 2013"]
[Source "ChessBase"]
[SourceDate "2012.11.12"]
[SourceVersion "1"]
[SourceVersionDate "2012.11.12"]
[SourceQuality "1"]

1. e4 c5 2. Nf3 d6 3. d4 cxd4 4. Nxd4 Nf6 5. Nc3 a6 6. Bc4 e6 7. Bb3 b5 8. Be3 Bb7 9. f3 Nbd7 10. Bxe6 fxe6 11. Nxe6 1-0

[Event "FICGS rapid C 000098 email"]
[Site "FICGS email"]
[Date "2011.05.16"]
[Round "1"]
[White "Grosdemange, David"]
[Black "Ibbitson, Anthony"]
[Result "1-0"]
[WhiteElo "1663"]
[BlackElo "1700"]
[PlyCount "29"]
[EventDate "2011.??.??"]
[EventType "tourn (rapid)"]
[EventRounds "5"]
[SourceTitle "Corr 2013"]
[Source "ChessBase"]
[SourceDate "2012.11.12"]
[SourceVersion "1"]
[SourceVersionDate "2012.11.12"]
[SourceQuality "1"]

1. c4 c6 2. d4 d5 3. Nf3 Nf6 4. Nc3 e6 5. Bg5 Nbd7 6. cxd5 exd5 7. e3 Bd6 8. Bd3 Nf8 9. 0-0 Bg4 10. h3 Bh5 11. Qb3 Bxf3 12. Qxb7 Bh5 13. Qxc6+ Ke7 14. Nxd5+ Ke6 15. f4 1-0

[Event "Metz op 29th"]
[Site "Metz"]
[Date "2011.05.05"]
[Round "6"]
[White "Frick, Christoph"]
[Black "Grosdemange, David"]
[Result "1/2-1/2"]
[WhiteElo "2190"]
[BlackElo "2037"]
[PlyCount "110"]
[EventDate "2011.05.02"]
[EventType "swiss"]
[EventRounds "9"]
[EventCountry "FRA"]
[SourceTitle "CBM 142 Extra"]
[Source "ChessBase"]
[SourceDate "2011.06.27"]
[SourceVersion "1"]
[SourceVersionDate "2011.06.27"]
[SourceQuality "1"]

1. Nc3 d5 2. e4 d4 3. Nce2 e5 4. Ng3 Be6 5. Nf3 f6 6. b3 Nd7 7. Bc4 Bxc4 8. bxc4 d3 9. 0-0 dxc2 10. Qxc2 Bc5 11. Rb1 Ne7 12. Bb2 Nc6 13. d4 exd4 14. Nf5 0-0 15. Rfd1 Qe8 16. N3xd4 Nxd4 17. Bxd4 Bxd4 18. Rxd4 Nc5 19. Rbd1 b6 20. Qe2 g6 21. Qg4 Kh8 22. Ne3 Rf7 23. Qh4 Kg7 24. Nd5 Qc6 25. Ne3 Re8 26. Nd5 Re5 27. f3 Ne6 28. R4d2 Rh5 29. Qf2 Qxc4 30. Rc2 Qa4 31. Rdc1 Nc5 32. Rc4 Qb5 33. Qd4 Qe8 34. Nf4 Re5 35. Qc3 Rd7 36. Nd5 Qe6 37. h3 c6 38. Ne3 Rd3 39. Qe1 Qd6 40. Kh1 Re7 41. R4c3 Rd7 42. R3c2 Qd4 43. Nc4 Rd1 44. Rxd1 Qxd1 45. Qxd1 Rxd1+ 46. Kh2 h5 47. Kg3 Kf7 48. e5 Rd4 49. h4 Ke6 50. Na5 Kd5 51. exf6 bxa5 52. f7 Nd7 53. Re2 c5 54. Re7 Nf8 55. Re8 Nh7 1/2-1/2

[Event "Metz op 29th"]
[Site "Metz"]
[Date "2011.05.05"]
[Round "5"]
[White "Grosdemange, David"]
[Black "Maloberti, David"]
[Result "1/2-1/2"]
[WhiteElo "2037"]
[BlackElo "2111"]
[PlyCount "156"]
[EventDate "2011.05.02"]
[EventType "swiss"]
[EventRounds "9"]
[EventCountry "FRA"]
[SourceTitle "CBM 142 Extra"]
[Source "ChessBase"]
[SourceDate "2011.06.27"]
[SourceVersion "1"]
[SourceVersionDate "2011.06.27"]
[SourceQuality "1"]

1. d4 Nf6 2. Bg5 e6 3. e4 d5 4. e5 h6 5. Be3 Nfd7 6. c3 a5 7. Bd3 c5 8. Ne2 Qb6 9. b3 Nc6 10. a3 Ndb8 11. 0-0 Bd7 12. Nd2 cxd4 13. cxd4 Na6 14. Kh1 Rc8 15. f4 g6 16. g4 h5 17. f5 Nxe5 18. fxg6 f5 19. gxf5 Nxd3 20. f6 e5 21. f7+ Kd8 22. Bg5+ Kc7 23. Qc2+ Kb8 24. Qxd3 Bb5 25. Qe3 Qxg6 26. Rf6 Qd3 27. Qxe5+ Ka7 28. Ng3 h4 29. Rf3 Qh7 30. Ngf1 Bg7 31. Bf6 Bxf6 32. Qxf6 Be2 33. Rf2 Bd3 34. Re1 Qg6 35. Qxg6 Bxg6 36. Ne3 Rhf8 37. Ref1 Bd3 38. Rg1 Rc7 39. Rg7 h3 40. Kg1 Rd7 41. Nf3 Rdxf7 42. Rxf7 Rxf7 43. Ne5 Rg7+ 44. N3g4 Be4 45. Kf1 Rc7 46. Rb2 Rc3 47. Kf2 Nb8 48. Ke2 Rc1 49. Ke3 Nc6 50. Nxc6+ bxc6 51. Kf4 Kb6 52. Nf2 Bg2 53. Nd3 Rd1 54. Nf2 Rxd4+ 55. Kg3 Bf1 56. Rb1 Bg2 57. Nxh3 Be4 58. Rb2 Rd3+ 59. Kh4 a4 60. bxa4+ Ka5 61. Nf2 Re3 62. Kg5 Kxa4 63. Kf4 Rf3+ 64. Ke5 Kxa3 65. Rd2 Bb1 66. Kd6 Rf6+ 67. Kc5 Kb3 68. Ng4 Re6 69. Rd4 Kc3 70. Rf4 Be4 71. Nf6 Kd3 72. h4 Ke3 73. Rf1 Ke2 74. Rf4 Bd3 75. Nd7 Ke3 76. Rf6 Rxf6 77. Nxf6 d4 78. Ng4+ Kf4 1/2-1/2

[Event "Metz op 29th"]
[Site "Metz"]
[Date "2011.05.04"]
[Round "4"]
[White "Aguettaz, Maxime"]
[Black "Grosdemange, David"]
[Result "1-0"]
[WhiteElo "2417"]
[BlackElo "2037"]
[PlyCount "145"]
[EventDate "2011.05.02"]
[EventType "swiss"]
[EventRounds "9"]
[EventCountry "FRA"]
[SourceTitle "CBM 142 Extra"]
[Source "ChessBase"]
[SourceDate "2011.06.27"]
[SourceVersion "1"]
[SourceVersionDate "2011.06.27"]
[SourceQuality "1"]

1. Nf3 c5 2. e4 Nc6 3. Bb5 g6 4. 0-0 Nf6 5. Bxc6 bxc6 6. e5 Nd5 7. c4 Nc7 8. d4 cxd4 9. Qxd4 Bg7 10. Qh4 0-0 11. Bh6 Ne6 12. Nc3 d5 13. Rfd1 Bb7 14. Rd2 Bxh6 15. Qxh6 Qb6 16. Rad1 Rad8 17. cxd5 cxd5 18. Nd4 f6 19. Na4 Qa6 20. Nxe6 Qxe6 21. Nc5 Qb6 22. exf6 exf6 23. Nb3 Rde8 24. Nd4 Re4 25. f3 Re7 26. Qh4 Rfe8 27. Qf2 Kg7 28. h3 Re5 29. Rc1 R8e7 30. b3 Kf7 31. Rcd1 h5 32. Nc2 Re2 33. Qxb6 axb6 34. Nd4 Rxd2 35. Rxd2 Ke8 36. Kf2 Kd7 37. h4 Re8 38. Rc2 Rc8 39. Rxc8 Bxc8 40. f4 Kd6 41. b4 Bd7 42. Ke3 Bg4 43. f5 gxf5 44. Kf4 Kc7 45. a4 Bd1 46. a5 bxa5 47. bxa5 Bg4 48. Nxf5 Kb7 49. Ne7 Be6 50. Ke3 Ka6 51. Kd4 Kxa5 52. Nxd5 Bf7 53. Nxf6 Kb6 54. Ke5 Kc6 55. g3 Kc7 56. Kf5 Kd6 57. Kg5 Ke7 58. Nxh5 Kf8 59. g4 Be6 60. Nf4 Bd7 61. h5 Kg7 62. Ng6 Be8 63. Nh4 Ba4 64. Nf5+ Kh7 65. Kf4 Bd1 66. Ng3 Kh6 67. g5+ Kh7 68. Kf5 Kg7 69. h6+ Kh7 70. Kf6 Bc2 71. Nf5 Bb3 72. g6+ Kh8 73. Nd6 1-0

[Event "Metz op 29th"]
[Site "Metz"]
[Date "2011.05.03"]
[Round "2"]
[White "Grosdemange, David"]
[Black "Mikhalevski, Victor"]
[Result "0-1"]
[WhiteElo "2037"]
[BlackElo "2577"]
[PlyCount "42"]
[EventDate "2011.05.02"]
[EventType "swiss"]
[EventRounds "9"]
[EventCountry "FRA"]
[SourceTitle "CBM 142 Extra"]
[Source "ChessBase"]
[SourceDate "2011.06.27"]
[SourceVersion "1"]
[SourceVersionDate "2011.06.27"]
[SourceQuality "1"]

1. d4 Nf6 2. Bg5 Ne4 3. Bf4 c5 4. f3 Qa5+ 5. c3 Nf6 6. Nd2 cxd4 7. Nb3 Qf5 8. Qxd4 Nc6 9. Qd2 e5 10. Bg5 Be7 11. g4 Qe6 12. e4 h5 13. Bxf6 Qxf6 14. 0-0-0 hxg4 15. fxg4 d6 16. Be2 Qg6 17. Qd3 Bxg4 18. Bxg4 Qxg4 19. Ne2 0-0-0 20. Rdg1 Qe6 21. Rxg7 Qh6+ 0-1

[Event "FRA-chT2 1011"]
[Site "France"]
[Date "2010.11.14"]
[Round "3.4"]
[White "Grosdemange, David"]
[Black "Grandadam, Patrick"]
[Result "1/2-1/2"]
[WhiteElo "1955"]
[BlackElo "2189"]
[PlyCount "107"]
[EventDate "2010.10.17"]
[EventType "team-tourn"]
[EventRounds "11"]
[EventCountry "FRA"]
[SourceTitle "EXT 2012"]
[Source "ChessBase"]
[SourceDate "2011.11.24"]
[SourceVersion "1"]
[SourceVersionDate "2011.11.24"]
[SourceQuality "1"]

1. d4 d5 2. e4 dxe4 3. Nc3 Nf6 4. f3 exf3 5. Nxf3 Bg4 6. h3 Bxf3 7. Qxf3 c6 8. g4 e6 9. Bd3 Bb4 10. 0-0 0-0 11. g5 Nd5 12. Ne4 f5 13. gxf6 Nxf6 14. Ng5 Qxd4+ 15. Be3 Qd5 16. Qg3 h6 17. Nf3 Bc5 18. Bxc5 Qxc5+ 19. Kh2 Nh5 20. Qg6 Qd6+ 21. Kh1 Ng3+ 22. Kg2 Nf5 23. Rae1 Rf6 24. Qe8+ Qf8 25. Rxe6 Na6 26. Qxf8+ Raxf8 27. Rxf6 Rxf6 28. Bxa6 bxa6 29. Re1 g5 30. Re8+ Kg7 31. c3 Kg6 32. Ra8 Ne3+ 33. Kg3 c5 34. Rxa7 h5 35. Ne5+ Kf5 36. Re7 Re6 37. Rxe6 Kxe6 38. Nf3 g4 39. hxg4 hxg4 40. Nh2 Kf5 41. b4 cxb4 42. cxb4 Nc2 43. Nxg4 Nxb4 44. a3 Nc2 45. a4 Ke4 46. Kf2 Kd4 47. Ke2 Kc3 48. Ne5 Nd4+ 49. Kd1 Kb4 50. Nd3+ Kc4 51. Kd2 a5 52. Ne5+ Kb4 53. Kd3 Kxa4 54. Nc4 1/2-1/2

[Event "FRA-chT2 1011"]
[Site "France"]
[Date "2010.10.17"]
[Round "1.5"]
[White "Grosdemange, David"]
[Black "Buchy, Daniel"]
[Result "0-1"]
[WhiteElo "1959"]
[BlackElo "2117"]
[PlyCount "86"]
[EventDate "2010.10.17"]
[EventType "team-tourn"]
[EventRounds "11"]
[EventCountry "FRA"]
[SourceTitle "EXT 2012"]
[Source "ChessBase"]
[SourceDate "2011.11.24"]
[SourceVersion "1"]
[SourceVersionDate "2011.11.24"]
[SourceQuality "1"]

1. d4 d5 2. e4 dxe4 3. Nc3 Nf6 4. f3 exf3 5. Nxf3 g6 6. Bc4 Bg7 7. 0-0 0-0 8. Qe1 Nc6 9. Qh4 Bg4 10. Ne2 Qd7 11. c3 Bxf3 12. Rxf3 Qg4 13. Qf2 Ne4 14. Qf1 Nd6 15. Bd5 Qd7 16. Bf4 e6 17. Bb3 Na5 18. Bc2 Nac4 19. b3 Nb6 20. Rd1 Nf5 21. g4 Ne7 22. Qh3 Nbd5 23. Bh6 f5 24. Bxg7 Kxg7 25. g5 Ng8 26. Qh4 h5 27. Ng3 Rae8 28. Nxh5+ gxh5 29. Qxh5 Rf7 30. g6 Ndf6 31. Qh4 Rfe7 32. Rh3 Kf8 33. Qg5 Rg7 34. Re1 Qf7 35. Rg3 Qd7 36. h4 Qd6 37. h5 Nxh5 38. Rh3 Nhf6 39. Rh8 Qd8 40. Bxf5 exf5 41. Rxe8+ Kxe8 42. Qxf5 Qd6 43. Kf2 Kd8 0-1

[Event "FICGS class C 000071 email"]
[Site "FICGS email"]
[Date "2009.03.02"]
[Round "1"]
[White "Ziegler, Pio"]
[Black "Grosdemange, David"]
[Result "1-0"]
[WhiteElo "1991"]
[BlackElo "1845"]
[PlyCount "29"]
[EventDate "2009.??.??"]
[EventType "tourn (corr)"]
[EventRounds "1"]
[SourceTitle "Corr 2022"]
[Source "ChessBase"]
[SourceDate "2021.10.24"]
[SourceVersion "1"]
[SourceVersionDate "2021.10.24"]
[SourceQuality "1"]

1. d4 Nf6 2. c4 c5 3. d5 b5 4. cxb5 a6 5. bxa6 Bxa6 6. Nc3 g6 7. Nf3 d6 8. g3 Bg7 9. Bg2 Nbd7 10. Rb1 0-0 11. 0-0 Nb6 12. b3 Ra7 13. Bb2 Qa8 14. Ng5 h6 15. Nge4 1-0

[Event "FICGS class C 000107 email"]
[Site "FICGS email"]
[Date "2009.02.26"]
[Round "1"]
[White "Paolillo, Giampiero"]
[Black "Grosdemange, David"]
[Result "1-0"]
[WhiteElo "1773"]
[BlackElo "1693"]
[PlyCount "25"]
[EventDate "2009.??.??"]
[EventType "tourn (corr)"]
[EventRounds "4"]
[SourceTitle "Corr 2022"]
[Source "ChessBase"]
[SourceDate "2021.10.24"]
[SourceVersion "1"]
[SourceVersionDate "2021.10.24"]
[SourceQuality "1"]

1. e4 c5 2. Nc3 Nc6 3. f4 g6 4. Nf3 Bg7 5. d3 d6 6. g3 e6 7. Bg2 Nge7 8. 0-0 0-0 9. Be3 Rb8 10. Qd2 b5 11. a3 a5 12. d4 cxd4 13. Nxd4 1-0

[Event "FICGS class C 000107 email"]
[Site "FICGS email"]
[Date "2009.02.26"]
[Round "1"]
[White "Zaunercik, Ilmar"]
[Black "Grosdemange, David"]
[Result "0-1"]
[WhiteElo "1800"]
[BlackElo "1693"]
[PlyCount "64"]
[EventDate "2009.??.??"]
[EventType "tourn (corr)"]
[EventRounds "4"]
[SourceTitle "Corr 2022"]
[Source "ChessBase"]
[SourceDate "2021.10.24"]
[SourceVersion "1"]
[SourceVersionDate "2021.10.24"]
[SourceQuality "1"]

1. e4 c5 2. Nf3 Nc6 3. d4 cxd4 4. Nxd4 g6 5. Nc3 Bg7 6. Be3 Nf6 7. Bc4 0-0 8. Bb3 Na5 9. e5 Nxb3 10. exf6 Nxa1 11. fxg7 Re8 12. Bh6 d5 13. Qxa1 e5 14. Nf3 d4 15. Ne4 Bf5 16. Nfd2 Bxe4 17. 0-0 Bxg2 18. Kxg2 Qh4 19. Be3 Kxg7 20. Qe1 dxe3 21. Qxe3 Rad8 22. Nf3 Qg4+ 23. Kh1 Qc4 24. Kg1 Qxc2 25. Qa3 Rd3 26. Ne1 Rxa3 27. Nxc2 Rxa2 28. Rb1 Rd8 29. Nb4 Ra4 30. Nc2 Rd2 31. Na3 Rb4 32. Kf1 Rbxb2 0-1

[Event "FICGS W-ch st1 g10 email"]
[Site "FICGS email"]
[Date "2009.02.03"]
[Round "1"]
[White "Ratna, Jean Michel"]
[Black "Grosdemange, David"]
[Result "1-0"]
[WhiteElo "1949"]
[BlackElo "1693"]
[PlyCount "31"]
[EventDate "2009.??.??"]
[EventType "tourn (corr)"]
[EventRounds "8"]
[SourceTitle "Corr 2022"]
[Source "ChessBase"]
[SourceDate "2021.10.24"]
[SourceVersion "1"]
[SourceVersionDate "2021.10.24"]
[SourceQuality "1"]

1. e4 c5 2. Nf3 Nc6 3. d4 cxd4 4. Nxd4 g6 5. c4 Nf6 6. Nc3 d6 7. Be2 Nxd4 8. Qxd4 Bg7 9. Bg5 0-0 10. Qd2 Be6 11. Rc1 Qa5 12. f3 Rfc8 13. b3 a6 14. Na4 Qxd2+ 15. Kxd2 Rc6 16. Nc3 1-0

[Event "FICGS class C 000106 email"]
[Site "FICGS email"]
[Date "2009.01.31"]
[Round "1"]
[White "Grosdemange, David"]
[Black "Raman, Ranganathan"]
[Result "1-0"]
[WhiteElo "1693"]
[BlackElo "1800"]
[PlyCount "49"]
[EventDate "2009.??.??"]
[EventType "tourn (corr)"]
[EventRounds "4"]
[SourceTitle "Corr 2022"]
[Source "ChessBase"]
[SourceDate "2021.10.24"]
[SourceVersion "1"]
[SourceVersionDate "2021.10.24"]
[SourceQuality "1"]

1. e4 Nf6 2. e5 Nd5 3. d4 e6 4. Nf3 Nc6 5. c4 Nde7 6. d5 exd5 7. cxd5 Na5 8. b4 Nxd5 9. bxa5 c6 10. Bc4 Qxa5+ 11. Bd2 Bb4 12. 0-0 Nc3 13. Nxc3 Bxc3 14. Bxf7+ Kxf7 15. Qb3+ d5 16. exd6+ Be6 17. Ng5+ Qxg5 18. Qxb7+ Kg6 19. Bxg5 Bxa1 20. Rxa1 Kxg5 21. Qxg7+ Kf5 22. Re1 Rag8 23. Re5+ Kf4 24. g3+ Kf3 25. Re3# 1-0

[Event "FICGS class C 000106 email"]
[Site "FICGS email"]
[Date "2009.01.31"]
[Round "1"]
[White "Lois, Spyros"]
[Black "Grosdemange, David"]
[Result "0-1"]
[WhiteElo "1765"]
[BlackElo "1693"]
[PlyCount "76"]
[EventDate "2009.??.??"]
[EventType "tourn (corr)"]
[EventRounds "4"]
[SourceTitle "Corr 2022"]
[Source "ChessBase"]
[SourceDate "2021.10.24"]
[SourceVersion "1"]
[SourceVersionDate "2021.10.24"]
[SourceQuality "1"]

1. e4 c5 2. Nf3 Nc6 3. d4 cxd4 4. Nxd4 g6 5. Nc3 Bg7 6. Nb3 Bxc3+ 7. bxc3 Nf6 8. Bd3 d5 9. exd5 Qxd5 10. 0-0 Bf5 11. c4 Qd7 12. Rb1 b6 13. Qf3 Rc8 14. Bb2 0-0 15. Rbd1 Bg4 16. Qe3 Bxd1 17. Rxd1 Rfd8 18. Rd2 Qc7 19. h3 Rd6 20. Rd1 Re6 21. Qh6 Rd8 22. Rf1 Qd6 23. a3 a5 24. c5 bxc5 25. Bc4 a4 26. Bxe6 fxe6 27. Na1 Rb8 28. Bxf6 exf6 29. c3 Qd3 30. Qc1 Ne5 31. Rd1 Qe2 32. Nc2 Rb3 33. Rd2 Qe4 34. Qd1 Kg7 35. Re2 Qc4 36. Rxe5 fxe5 37. Ne3 Qf4 38. Qd7+ Qf7 0-1

[Event "FICGS rapid C 000067 email"]
[Site "FICGS email"]
[Date "2009.01.29"]
[Round "1"]
[White "Boucher, Brice"]
[Black "Grosdemange, David"]
[Result "0-1"]
[WhiteElo "1510"]
[BlackElo "1693"]
[PlyCount "38"]
[EventDate "2009.??.??"]
[EventType "tourn (rapid)"]
[EventRounds "4"]
[SourceTitle "Corr 2022"]
[Source "ChessBase"]
[SourceDate "2021.10.24"]
[SourceVersion "1"]
[SourceVersionDate "2021.10.24"]
[SourceQuality "1"]

1. c4 c5 2. Nc3 Nc6 3. g3 g6 4. Bg2 Bg7 5. Nf3 e5 6. d3 Nge7 7. 0-0 0-0 8. Ne1 d6 9. e4 Be6 10. Rb1 Qd7 11. Be3 f5 12. f4 fxe4 13. Nxe4 exf4 14. Bxf4 d5 15. cxd5 Nxd5 16. Bd6 Rxf1+ 17. Bxf1 Bd4+ 18. Kh1 Nf6 19. Nxf6+ Bxf6 0-1

[Event "FICGS rapid C 000067 email"]
[Site "FICGS email"]
[Date "2009.01.29"]
[Round "1"]
[White "Cridland, Graham M"]
[Black "Grosdemange, David"]
[Result "0-1"]
[WhiteElo "1522"]
[BlackElo "1693"]
[PlyCount "84"]
[EventDate "2009.??.??"]
[EventType "tourn (rapid)"]
[EventRounds "4"]
[SourceTitle "Corr 2022"]
[Source "ChessBase"]
[SourceDate "2021.10.24"]
[SourceVersion "1"]
[SourceVersionDate "2021.10.24"]
[SourceQuality "1"]

1. e4 c5 2. Nf3 Nc6 3. d4 cxd4 4. Nxd4 g6 5. Nc3 Bg7 6. Be3 Nf6 7. Bc4 0-0 8. Bb3 Na5 9. 0-0 Nxb3 10. Nxb3 d6 11. f3 Be6 12. Qd2 Bc4 13. Rfd1 Qc7 14. Qf2 a6 15. Bb6 Qc8 16. Na5 Be6 17. Rab1 Nd7 18. Bd4 Qc7 19. Bxg7 Kxg7 20. Nb3 b5 21. Nd4 Qc5 22. Nxe6+ fxe6 23. a4 Rfc8 24. Rd2 Nb6 25. Qxc5 Rxc5 26. axb5 axb5 27. Ne2 Nc4 28. Rd3 b4 29. c3 b3 30. Nd4 Kf7 31. Nxb3 Rb5 32. Rd4 Rc8 33. Nd2 Rxb2 34. Rxb2 Nxb2 35. Nb1 Ra8 36. Kf2 Ra1 37. Nd2 e5 38. Rd5 Nd1+ 39. Kg3 Nxc3 40. Rd3 Ne2+ 41. Kf2 Nf4 42. Rb3 Ra2 0-1

[Event "Vandoeuvre op 5th"]
[Site "Vandoeuvre"]
[Date "2008.12.28"]
[Round "5"]
[White "Grosdemange, David"]
[Black "Taddei, Benoit"]
[Result "0-1"]
[WhiteElo "1930"]
[BlackElo "2312"]
[PlyCount "40"]
[EventDate "2008.12.26"]
[EventType "swiss"]
[EventRounds "9"]
[EventCountry "FRA"]
[SourceTitle "CBM 127 Extra"]
[Source "ChessBase"]
[SourceDate "2009.01.08"]
[SourceVersion "2"]
[SourceVersionDate "2009.01.28"]
[SourceQuality "1"]

1. e4 c5 2. Ne2 Nc6 3. d4 cxd4 4. Nxd4 Qb6 5. Nb3 Nf6 6. Bd3 d5 7. exd5 Nxd5 8. 0-0 e5 9. Qf3 Nf6 10. Nc3 Be7 11. Be3 Qb4 12. Bg5 Be6 13. Ne4 Nxe4 14. Bxe4 Bxg5 15. Bxc6+ bxc6 16. Qxc6+ Ke7 17. Qc7+ Kf6 18. Nc5 Rhc8 19. Nd7+ Bxd7 20. Qxd7 Qd4 0-1

[Event "FICGS theme 0000 email"]
[Site "FICGS email"]
[Date "2006.08.22"]
[Round "1"]
[White "Grosdemange, David"]
[Black "Plante, Marc Eric"]
[Result "0-1"]
[WhiteElo "1983"]
[BlackElo "1600"]
[PlyCount "20"]
[EventDate "2006.??.??"]
[EventType "swiss (corr)"]
[EventRounds "1"]
[SourceTitle "Corr 2022"]
[Source "ChessBase"]
[SourceDate "2021.10.24"]
[SourceVersion "1"]
[SourceVersionDate "2021.10.24"]
[SourceQuality "1"]

1. d4 d5 2. e4 dxe4 3. Nc3 Nf6 4. f3 exf3 5. Nxf3 e6 6. Bg5 Be7 7. Bd3 c5 8. dxc5 Qa5 9. 0-0 Qxc5+ 10. Kh1 Nbd7 0-1

[Event "FICGS W-ch st1 g06 email"]
[Site "FICGS email"]
[Date "2006.07.01"]
[Round "1"]
[White "Grosdemange, David"]
[Black "Balogh, Ivan"]
[Result "0-1"]
[WhiteElo "1983"]
[BlackElo "1700"]
[PlyCount "20"]
[EventDate "2006.??.??"]
[EventType "tourn (corr)"]
[EventRounds "8"]
[SourceTitle "Corr 2022"]
[Source "ChessBase"]
[SourceDate "2021.10.24"]
[SourceVersion "1"]
[SourceVersionDate "2021.10.24"]
[SourceQuality "1"]

1. e4 c5 2. Nf3 e6 3. d4 cxd4 4. Nxd4 a6 5. Bd3 Qc7 6. 0-0 Nf6 7. Qe2 d6 8. c4 Nbd7 9. Nc3 Ne5 10. b3 b5 0-1

[Event "FICGS theme 0000 email"]
[Site "FICGS email"]
[Date "2006.06.24"]
[Round "1"]
[White "Retamoza, Francisco"]
[Black "Grosdemange, David"]
[Result "1-0"]
[WhiteElo "2138"]
[BlackElo "1912"]
[PlyCount "23"]
[EventDate "2006.??.??"]
[EventType "swiss (corr)"]
[EventRounds "1"]
[SourceTitle "Corr 2022"]
[Source "ChessBase"]
[SourceDate "2021.10.24"]
[SourceVersion "1"]
[SourceVersionDate "2021.10.24"]
[SourceQuality "1"]

1. d4 Nf6 2. c4 c5 3. d5 b5 4. cxb5 a6 5. bxa6 Bxa6 6. Nc3 d6 7. Nf3 g6 8. g3 Nbd7 9. Bg2 Nb6 10. 0-0 Bg7 11. Re1 0-0 12. a3 1-0